00611nam a2200169Ia 4500008004100000100002100041245010900062245004000171260005900211260000900270300001100279650001800290650001500308856002600323999001900349952007300368170221s9999 xx 000 0 und d aPamela K. Morris aConceptualizing Beauty: A Content Analysis of U.S. and French Women’s Fashion Magazine Advertisements  cPamela K. Morris, Katharine Nichols bOnline Journal of Communication and Media Technologies c2013 a33 : 5 xCommunication xMedia Arts uhttp://www.ojcmt.net/ c311032d311032 001040aCLbCLd2017-02-21l0r2017-02-21 00:00:00w2017-02-21yFOJ